| 000 | 04403nam a22003977a 4500 | ||
|---|---|---|---|
| 005 | 20101005145255.0 | ||
| 010 | _aB-401489-505 | ||
| 020 |
_a9789350002261 _c100.00 |
||
| 035 | _aB-401489-505 | ||
| 037 | _bवाणी प्रकाशन/ PUB | ||
| 082 | _a821 | ||
| 100 |
_aवाजपेयी, कैलाश _922911 |
||
| 245 |
_aसूफ़ीनामा / _cकैलाश वाजपेयी |
||
| 260 |
_aनई दिल्ली _bवाणी प्रकाशन _c2010 |
||
| 270 |
_a4695, 21-ए, दरियागंज _bनई दिल्ली _e110002 |
||
| 300 |
_a97पृ _c22सेमी (अजिल्द) |
||
| 942 |
_2ddc _cHN _mवाजपे _h821 |
||
| 999 |
_c34317 _d34317 |
||